<?xml version="1.0" encoding="UTF-8"?>
<marc:record xmlns:marc="http://www.loc.gov/MARC21/slim">
   <marc:leader>00000nam a2200000 a 4500</marc:leader>
   <marc:datafield ind1="1" ind2=" " tag="100">
      <marc:subfield code="a">Moers, Walter</marc:subfield>
      <marc:subfield code="4">aut</marc:subfield>
      <marc:subfield code="e">Verfasser/-in</marc:subfield>
   </marc:datafield>
   <marc:datafield ind1="0" ind2="0" tag="245">
      <marc:subfield code="a">Der Bücherdrache</marc:subfield>
   </marc:datafield>
   <marc:datafield ind1="0" ind2="0" tag="245">
      <marc:subfield code="b">ein Roman aus Zamonien von Hildegunst von Mythenmetz</marc:subfield>
   </marc:datafield>
   <marc:datafield ind1="0" ind2="0" tag="245">
      <marc:subfield code="c">Walter Moers. Aus dem Zamonischen übertragen und illustriert von Walter Moers.</marc:subfield>
   </marc:datafield>
   <marc:datafield ind1=" " ind2="1" tag="264">
      <marc:subfield code="a">München</marc:subfield>
      <marc:subfield code="b">Penguin Verlag</marc:subfield>
      <marc:subfield code="c">2019</marc:subfield>
   </marc:datafield>
   <marc:datafield ind1=" " ind2=" " tag="250">
      <marc:subfield code="a">1. Aufl.</marc:subfield>
   </marc:datafield>
   <marc:datafield ind1="1" ind2=" " tag="520">
      <marc:subfield code="a">Die Buchlinge sind wieder da!&lt;br/&gt;In den Katakomben von Buchhaim erzählt man sich eine alte Geschichte vom sprachmächtigen Drachen Nathaviel. Angeblich besteht er aus lauter Büchern, die von der mysteriösen Kraft des Orms durchströmt sind. Die Legende besagt, der Bücherdrache habe auf jede Frage die richtige Antwort.&lt;br/&gt;Der Buchling Hildegunst Zwei, benannt nach dem zamonischen Großschriftsteller Hildegunst von Mythenmetz, macht sich eines Tages auf den Weg in den Ormsumpf, wo Nathaviel hausen soll. Dabei wagt er sich in Bereiche der Katakomben, in denen es von Gefahren wie den heimtückischen Bücherjägern nur so wimmelt. Und er ahnt nicht, dass die größte Gefahr, die ihm droht, vom Bücherdrachen selber ausgeht.&lt;br/&gt;[Verlagsmeldung]&lt;br/&gt;</marc:subfield>
   </marc:datafield>
   <marc:datafield ind1=" " ind2=" " tag="020">
      <marc:subfield code="a">9783328600640</marc:subfield>
      <marc:subfield code="9">9783328600640</marc:subfield>
   </marc:datafield>
   <marc:datafield ind1=" " ind2=" " tag="041">
      <marc:subfield code="a">ger</marc:subfield>
   </marc:datafield>
   <marc:datafield ind1=" " ind2=" " tag="300">
      <marc:subfield code="a">185 S.</marc:subfield>
   </marc:datafield>
</marc:record>
